000 00803nji a22002297a 4500
005 20100907145410.0
006 a|||||r|||||00| 0
007 sd ammalaaahaa
008 100830t xxu||||| |||| 00| 0 eng d
028 _aHLD.9461
_bLondon
035 _aGR-01069
040 _aSED
_cSED
100 _917455
_aBoone, Pat
245 _aJust let me dream /
_cby Pat Boone
_h[sound recording] :
260 _aIndia
_bLondon
300 _a1 sound disc [Gramophone Recording]:
_banalog, 33 1/3 rpm
_c9.5 in. (MP)
_fGramophone Record
500 _aBrief Record
505 _aSide-1 (If i'm dreaming) (Pat Boone) Side-2 Johnny will (Pat Boone)
650 _aClassical Music
_zIndia
_91186
_xExcerpts
942 _2ddc
_cGR
999 _c44279
_d44279